书目信息 |
| 题名: |
线性空间引论
|
|
| 作者: | 叶明训 著 | |
| 分册: | ||
| 出版信息: | 武汉 武汉大学出版社 2000 |
|
| 页数: | 379页 | |
| 开本: | 20cm | |
| 丛书名: | ||
| 单 册: | ||
| 中图分类: | O177.3 | |
| 科图分类: | ||
| 主题词: | 数学分析 | |
| 电子资源: | ||
| ISBN: | 7-307-02735-6 | |
| 000 | 00535nam0 2200193 450 | |
| 001 | 0732828906 | |
| 005 | 20070903090708.90 | |
| 010 | @a7-307-02735-6@d¥13.50 | |
| 100 | @a20070903d km y0chiy0120 ea | |
| 101 | 0 | @achi |
| 200 | 1 | @a线性空间引论@Axian xing kong jian yin lun@f叶明训著@Fye ming xun zhu |
| 205 | @a修订版 | |
| 210 | @a武汉@c武汉大学出版社@d2000 | |
| 215 | @a379页@d20cm | |
| 606 | 0 | @a数学分析 |
| 690 | @aO177.3@v3 | |
| 701 | 0 | @a叶明训@Aye ming xun@4著 |
| 801 | 0 | @aCN@bPFT@c20070903 |
| 905 | @a213230@dO177.3@eS198@f1 | |
| 线性空间引论/叶明训著.-修订版.-武汉:武汉大学出版社,2000 |
| 379页;20cm |
| ISBN 7-307-02735-6:¥13.50 |
| ● |
| 相关链接 |
|
|
|
|
正题名:线性空间引论
索取号:O177.3/S198
 
预约/预借
| 序号 | 登录号 | 条形码 | 馆藏地/架位号 | 状态 | 备注 |
| 1 | 6702490 | 267024908 | 密集书库-数信学院/ [索取号:O177.3/S198] | 在馆 | |
| 2 | 6702491 | 267024917 | 密集书库-数信学院/ [索取号:O177.3/S198] | 在馆 |